Văn học nước ngoài Phần 2 Văn học các nước phương Tây

Saved in:
Bibliographic Details
Other Authors: Hoàng Mạnh Hùng, Nguyễn Trung Hiếu
Format: Book
Language:Vietnamese
Published: Nghệ An Trường Cao đẳng Sư phạm Nghệ An 1994
Series:Sách Cao đẳng sư phạm
Subjects:
Tags: Add Tag
No Tags, Be the first to tag this record!
Institutions: Mạng thư viện Đại học Đà Nẵng
LEADER 01110nam a2200325 4500
001 000004341
003 479
005 20121211001218.0
008 110719s1994 viesd
020 |c 15000 
041 0 |a vie 
082 |a 808.8  |b VĂN 
245 0 0 |a Văn học nước ngoài  |c Hoàng Mạnh Hùng, Nguyễn Trung Hiếu  |n Phần 2  |p Văn học các nước phương Tây 
260 |a Nghệ An  |b Trường Cao đẳng Sư phạm Nghệ An  |c 1994 
300 |a 174 tr.  |c 21 cm. 
490 |a Sách Cao đẳng sư phạm 
500 |a Viết theo kế hoạch của hội đồng hợp tác biên soạn, xuất bản các giáo trình của trường cao đẳng sư phạm 
653 |a Văn học phương Tây 
653 |a Văn học nước ngoài 
700 1 |a Hoàng Mạnh Hùng 
700 1 |a Nguyễn Trung Hiếu 
773 |t Văn học nước ngoài  |w 478 
OWN |a LSP 
999 |a From the UDN01 
TYP |a Monograph 
TYP |a Printed language 
980 |a Mạng thư viện Đại học Đà Nẵng